[Event "It (open)"]
[Site "masterchessopen.com - Salzburg (Austria)"]
[Round "9"]
[White "Hertneck Gerald (GER)"]
[Black "Medvegy Zoltan (HUN)"]
[Result "0-1"]
[WhiteElo "2519"]
[BlackElo "2513"]

1.d4 Nf6 2.c4 e6 3.g3 c5 4.d5 exd5 5.cxd5 d6 6.Nc3 g6 7.Bg2 Bg7 8.Nf3 O-O
9.O-O a6 10.a4 Nbd7 11.Nd2 Re8 12.Nc4 Ne5 13.Na3 Nh5 14.e4 Bd7 15.f4 Ng4
16.Bf3 Bd4+ 17.Kg2 Ngf6 18.Re1 Qc8 19.Be3 Bh3+ 20.Kg1 Bxc3 21.bxc3 Nxe4 22.Nc4
Qd8 23.Bxh5 b5 24.axb5 axb5 25.Rxa8 Qxa8 26.Nxd6 Nxd6 27.Bf3 Qc8 28.Bf2 b4
29.cxb4 cxb4 30.Qd4 Rxe1+ 31.Bxe1 Qc1 32.Kf2 b3 33.g4 b2 34.Bc3 Qxc3 35.Qxc3
b1=Q 36.Qa3 Nc4 37.Qe7 Qb6+ 38.Kg3 Bf1 {#R} 0-1

[Event "Ch Israel"]
[Site "masterchessopen.com - Tel Aviv (Israel)"]
[Round "1"]
[White "Porat Shi (ISR)"]
[Black "Gofshtein Zvulon (ISR)"]
[Result "1-0"]
[WhiteElo "2315"]
[BlackElo "2513"]

1.d4 e6 2.c4 c5 3.d5 exd5 4.cxd5 d6 5.Nc3 g6 6.g3 Nf6 7.Bg2 Bg7 8.Nf3 O-O
9.O-O Re8 10.Nd2 a6 11.a4 Nbd7 12.h3 Rb8 13.Nc4 Nb6 14.Na3 Bd7 15.a5 Nc8
16.Nc4 Bb5 17.Qb3 Bxc4 18.Qxc4 Nd7 19.Ne4 Na7 20.Nxd6 b5 21.Qc2 Rf8 22.Ne4 c4
23.Bg5 Qc7 24.h4 Rfe8 25.Bf4 Ne5 26.Rfd1 Qd8 27.Bg5 f6 28.Be3 Nc8 29.d6 Nd7
30.Bh3 Rb7 31.Nc5 Nxc5 32.Bxc5 f5 33.Bg2 Rd7 34.Bd5+ Kh8 35.Bc6 Re6 36.Bxd7
Qxd7 37.Ra3 f4 38.Rf3 fxg3 39.fxg3 Re8 40.Qd2 Be5 41.Re3 {#r} 1-0

[Event "It \"]
[Site "masterchessopen.com - Viedma (Argentina)"]
[Round "6"]
[White "Liascovich Lucas (ARG)"]
[Black "Rosito Jorge (ARG)"]
[Result "0-1"]
[WhiteElo "2308"]
[BlackElo "2410"]

1.d4 Nf6 2.c4 e6 3.Nc3 c5 4.d5 exd5 5.cxd5 d6 6.Nf3 g6 7.g3 Bg7 8.Bg2 O-O
9.O-O Re8 10.Nd2 a6 11.a4 Nbd7 12.Nc4 Nb6 13.Na3 Bd7 14.Bf4 Nh5 15.Bxd6 Bxc3
16.Bxc5 Nxa4 17.bxc3 Nxc5 18.Nc4 Bb5 19.Ne3 Qd6 20.c4 Bd7 21.Rb1 Re7 22.Qd4
Rae8 23.Bf3 Ng7 24.Qb2 Rxe3 25.fxe3 Nf5 26.e4 Nxg3 27.hxg3 Qxg3+ 28.Bg2 Bh3
29.e3 Bxg2 30.Qxg2 Qxe3+ 31.Qf2 Qxf2+ 32.Rxf2 Rxe4 33.Rd2 Kf8 34.d6 Ke8 35.Rb4
Kd7 36.Rd5 Kc6 37.Kg2 Nd7 38.Kf3 f5 39.Rd1 b6 40.Kf2 a5 41.Ra4 h5 {#R} 0-1

[Event "It (open)"]
[Site "masterchessopen.com - Villa Ballester (Argentina)"]
[Round "1"]
[White "Anelli Antonio (ARG)"]
[Black "Bitelmajer Martin (ARG)"]
[Result "1-0"]
[WhiteElo "2330"]
[BlackElo "2178"]

1.c4 e6 2.d4 Nf6 3.Nc3 c5 4.d5 exd5 5.cxd5 d6 6.Nf3 g6 7.g3 Bg7 8.Bg2 O-O
9.O-O a6 10.a4 Re8 11.Nd2 Nbd7 12.Rb1 Ne5 13.h3 Nh5 14.Qc2 Rb8 15.Kh2 b5
16.axb5 axb5 17.b4 c4 18.f4 Nd7 19.e4 Qb6 20.Bb2 Bb7 21.Nf3 Re7 22.Ra1 Rbe8
23.Ra5 Ba6 24.Rfa1 Nb8 25.Qd2 Nf6 26.e5 Nfd7 27.Nd4 dxe5 28.Nc6 Nxc6 29.dxc6
Nb8 30.Nd5 Qa7 31.Nxe7+ Qxe7 32.fxe5 Bxe5 33.Re1 f6 34.Qd5+ Kg7 {#r} 1-0

[Event "It (cat.18)"]
[Site "masterchessopen.com - Wijk aan Zee (Netherlands)"]
[Round "2"]
[White "Van Wely Loek (NED)"]
[Black "Timman Jan H (NED)"]
[Result "0-1"]
[WhiteElo "2668"]
[BlackElo "2594"]

{ Timman Jan H (NED) +2 =2 -0 } 1.d4 Nf6 2.c4 e6 3.g3 c5 4.d5 exd5 5.cxd5 d6
6.Nc3 g6 7.Bg2 Bg7 8.Nf3 O-O 9.O-O a6 10.a4 Re8 11.Nd2 Nbd7 12.h3 Rb8 13.Nc4
Ne5 ( 13...Nb6 14.Na3 Qe7 15.Re1 Nfd7 16.f4 Bd4+ 17.Kh2 Nf6 18.a5 Na8 19.e4 h5
20.Nc2 h4 21.g4 Bf2 22.Rf1 Bg3+ 23.Kg1 { ...1/2-1/2, Scheeren Peter(2360) -
Timman Jan H(2585), Leeuwarden 1978 Ch Netherlands } ) 14.Na3 Nh5 15.e4 (
15.e3 f5 16.Kh2 Bd7 17.f4 Nf7 18.Qd3 Bxc3 19.bxc3 Bxa4 20.c4 b5 21.Rf2 bxc4
22.Nxc4 Bb5 23.Ra3 Bxc4 24.Qxc4 Rb4 { ...1-0, Stamenkovic Zoran(2427) -
Petronic Jovan(2389), Kladovo 1992 Ch Yugoslavia } ) ( 15.Bd2 Bd7 16.Rb1 b5
17.axb5 axb5 18.b4 f5 19.bxc5 b4 20.c6 bxc3 21.Rxb8 Qxb8 22.cxd7 Nxd7 23.Bc1
Qa7 24.Kh2 Qa6 { ...1-0, Priehoda Vitezslav(2400) - Koehler Ronald(2247),
Germany 1996 Bundesliga (2nd) East 1995/96 } ) 15...Rf8 { ? } ( 15...Bd7 16.g4
b5 17.axb5 axb5 18.Nc2 b4 19.Ne2 Nf6 20.g5 Nh5 21.f4 Nc4 22.Rb1 Bb5 23.b3 Na3
24.Bxa3 bxa3 25.Nxa3 { ...0-1, Akopian Vladimir(2656) - Marin Mihail(2604),
Moscow 1994 Olympiad } ) 16.Kh2 ( 16.Re1 Re8 17.Be3 Qe7 18.f4 { +0,21 CAP } )
16...f5 ( 16...Bd7 17.Qe2 f5 18.f4 fxe4 19.Bxe4 Nf7 20.g4 Nf6 21.Bf3 b5
22.axb5 axb5 23.Naxb5 Re8 24.Qc4 Nxg4+ 25.hxg4 Qh4+ 26.Kg2 { ...0-1, Rioseco
Fernando(2240) - Vasquez Rodrigo(2468), Vina del Mar 1998 Ch Chile } ) (
16...Qe7 17.Kg1 Nd7 18.Nc4 Qf6 { -0,21 CAP } ) 17.f4 b5 ( 17...fxe4 18.Nxe4
Nf7 19.Nc4 Nf6 20.a5 Nxe4 21.Bxe4 Bd7 22.Ra2 Bb5 23.b3 Bxc4 24.bxc4 b5 25.axb6
Rxb6 26.Bd2 Qf6 27.Rc2 { ...1-0, Georgiev Kiril(2676) - Alexakis
Dimitrios(2190), Corfu 1991 It (open) } ) 18.axb5 ( 18.fxe5 Nxg3 19.Kxg3 Bxe5+
20.Kf2 Qh4+ 21.Kg1 Qg3 22.Rf3 Qh2+ 23.Kf1 Bd7 24.Nc4 bxc4 25.Ra3 fxe4 26.Nxe4
Bxh3 27.Bxh3 Qxh3+ { ...0-1, Birnboim Nathan(2460) - Arnason Jon L(2455),
Randers 1982 Zt } ) 18...axb5 { ?/± } 19.fxe5 { N } ( 19.Naxb5 fxe4 ( 19...Bd7
20.Qe2 fxe4 21.Bxe4 Qb6 22.Na3 Rbe8 23.Qg2 c4 24.Bd2 Qb8 25.g4 Nf6 26.fxe5
Nxe4 27.Nxe4 Bxe5+ 28.Kh1 Bxb2 { ...1-0, Lacrosse Marc(2295) - Piceu
Tom(2175), Gent 2000 It (open) } ) 20.Na7 ( 20.fxe5 Bxe5 21.Rxf8+ Qxf8 { +1,15
CAP } ) 20...e3 21.Qe2 Nxg3 22.Kxg3 g5 23.f5 Bxf5 24.Qxe3 Qd7 25.Nc6 Rbe8
26.Qxg5 h6 27.Qh5 Bg6 28.Rxf8+ Rxf8 { ...1-0, Alburt Lev O(2580) - Olafsson
Helgi(2425), Reykjavik 1982 It (open) } ) 19...Nxg3 { +0,56 CAP } 20.Rf3 { ??
-1,61 } ( 20.Kxg3 { ! } 20...Bxe5+ 21.Kf2 b4 22.Nab5 { +0,66 } ) 20...Bxe5
21.Naxb5 Qh4 22.exf5 Bxf5 23.Ra4 Be4 { ?? +0,16 } ( 23...c4 { ! } 24.Kg1 Bxh3
25.Rxc4 Qxc4 { -1,61 } ) 24.Rxf8+ { ?? -8,01 } ( 24.Nxe4 { ! } 24...Rxf3
25.Qxf3 Nxe4+ 26.Kg1 { +0,16 } ) 24...Rxf8 25.Kg1 Ne2+ 26.Qxe2 Qg3 27.Bf4 Qxf4
28.Bxe4 Qg3+ 29.Kh1 Rf1+ {#R} 0-1

[Event "It (open)"]
[Site "masterchessopen.com - Greifswald (Germany)"]
[Date "2002.08.23"]
[Round "3"]
[White "Herrmann Carsten (GER)"]
[Black "Mertin Jan (GER)"]
[Result "0-1"]
[WhiteElo "1992"]
[BlackElo "2061"]

1.d4 Nf6 2.c4 c5 3.d5 e6 4.Nc3 exd5 5.cxd5 d6 6.Nf3 g6 7.g3 Bg7 8.Bg2 O-O
9.O-O Re8 10.Nd2 Nbd7 11.a4 a6 12.a5 b5 13.axb6 Nxb6 14.Nb3 Nc4 15.Qd3 Ne5
16.Qc2 a5 17.h3 Qb6 18.Nd2 Ba6 19.Ra4 Reb8 20.Re1 Ned7 21.e4 Ne5 22.Bf1 Nfd7
23.Kg2 Bxf1+ 24.Rxf1 Qa6 25.Ra2 Nd3 26.Nb3 Nb4 {#R} 0-1

[Event "Ukrainian Games"]
[Site "masterchessopen.com - Alushta (Ukraine)"]
[Round "4"]
[White "Kobylkin Evgeni (UKR)"]
[Black "Podat Vladimir (UKR)"]
[Result "1-0"]
[WhiteElo "2440"]
[BlackElo "2376"]

1.d4 Nf6 2.c4 e6 3.g3 c5 4.d5 exd5 5.cxd5 d6 6.Bg2 g6 7.Nc3 Bg7 8.Nf3 O-O
9.O-O a6 10.a4 Nbd7 11.Nd2 Re8 12.Nc4 Nb6 13.Na3 Bd7 14.Qb3 Qc7 15.a5 Nc8
16.Nc4 Rb8 17.Qc2 Ng4 18.Bf4 Bb5 19.Ne4 Bxc4 20.Qxc4 Ne5 21.Qc1 Na7 22.Bh6 Nb5
23.Bxg7 Kxg7 24.f4 Nd4 25.Re1 Ng4 26.e3 Nb5 27.b3 f6 28.Qb2 Qe7 29.h3 Nh6
30.g4 Ng8 31.Nd2 h6 32.h4 Qd7 33.Bf3 Kh7 34.Qc2 Kg7 35.Nf1 Ne7 36.Ng3 Rf8
37.f5 gxf5 38.gxf5 Kh7 39.Kh2 Rg8 40.Be4 Rg4 41.Kh3 Rbg8 42.Nh5 {#r} 1-0

[Event "It (open)"]
[Site "masterchessopen.com - Batumi (Georgia)"]
[Round "1"]
[White "Batsiashvili Nino (GEO)"]
[Black "Beridze Tinatin (GEO)"]
[Result "1-0"]
[WhiteElo "2288"]
[BlackElo "1903"]

1.d4 Nf6 2.c4 c5 3.d5 d6 4.Nc3 e6 5.Nf3 exd5 6.cxd5 g6 7.g3 Bg7 8.Bg2 O-O
9.O-O a6 10.a4 Re8 11.Nd2 Nbd7 12.Nc4 Ne5 13.Na3 Rb8 14.e4 Rf8 15.f4 Ned7
16.Be3 Ne8 17.Nc4 Nb6 18.Nd2 Nd7 19.a5 b5 20.axb6 Nxb6 21.Qe2 Nc7 22.Rad1 Bd7
23.e5 Re8 24.Nde4 dxe5 25.Bxc5 exf4 26.Qf2 Nc4 27.Qxf4 Ne5 28.Nd6 Rf8 29.Nc4
g5 30.Qe4 f5 31.Qe2 Re8 32.Nxe5 Rxe5 33.Qc4 Nb5 34.d6+ Be6 35.Bd5 Bxd5 36.Rxd5
Kh8 37.Rxe5 Bxe5 38.Nxb5 axb5 39.Qe6 Bxb2 40.Rxf5 Bg7 41.d7 h6 42.Rf8+ Bxf8
43.Bd4+ Bg7 44.Qxh6+ {#r} 1-0

[Event "It (cat.2)"]
[Site "masterchessopen.com - Budapest (Hungary)"]
[Round "7"]
[White "Broomfield Matthew (ENG)"]
[Black "Parkanyi Attila (HUN)"]
[Result "0-1"]
[WhiteElo "2288"]
[BlackElo "2406"]

1.d4 Nf6 2.c4 c5 3.d5 e6 4.Nc3 exd5 5.cxd5 d6 6.Nf3 g6 7.g3 Bg7 8.Bg2 O-O
9.O-O a6 10.a4 Nbd7 11.Nd2 Re8 12.Ra2 Ne5 13.f4 Neg4 14.Nc4 Nh5 15.e3 f5
16.Qd3 b6 17.b4 cxb4 18.Ne2 a5 19.Nd4 Ngf6 20.Rd1 Ne4 21.Ne6 Bxe6 22.dxe6 d5
23.e7 Qxe7 24.Nxb6 Rab8 25.Nxd5 Qf7 26.Bxe4 Rxe4 27.Qb3 Nf6 28.Bb2 Nxd5
29.Qxd5 Qxd5 30.Rxd5 b3 {#R} 0-1

[Event "It (cat.2)"]
[Site "masterchessopen.com - Budapest (Hungary)"]
[Round "11"]
[White "D'Costa Lorin (ENG)"]
[Black "Soos Bela (GER)"]
[Result "1-0"]
[WhiteElo "2358"]
[BlackElo "2265"]

1.d4 Nf6 2.c4 c5 3.d5 d6 4.Nc3 g6 5.Nf3 Bg7 6.g3 a6 7.a4 e6 8.Bg2 exd5 9.cxd5
O-O 10.O-O Re8 11.Nd2 Nbd7 12.h3 Nh5 13.Kh2 f5 14.f4 Ndf6 15.Nc4 b6 16.Qb3 Rb8
17.Na5 Qc7 18.Nc6 Ra8 19.Qc4 Qf7 20.Bd2 Bd7 21.Qd3 Kh8 22.Rab1 Ne4 23.Be1 Nhf6
24.b4 Bxc6 25.dxc6 c4 26.Qc2 d5 27.b5 d4 28.Nd1 h5 29.Rb4 axb5 30.Rxb5 Nc5
31.a5 Rxa5 32.Bxa5 d3 33.exd3 cxd3 34.Qb1 Re2 35.Rxb6 Kh7 36.Nf2 h4 37.gxh4
Qc4 38.Rb4 Qa6 39.c7 Nfe4 40.Rb8 Qxa5 41.c8=Q Nd2 42.Qg8+ Kh6 43.Qd1 Nxf1+
44.Qxf1 Re1 45.Rb7 Nxb7 46.Qxd3 Qb4 {#r} 1-0

[Event "It (cat.2) (a)"]
[Site "masterchessopen.com - Budapest (Hungary)"]
[Round "1"]
[White "Babos Csaba (ROM)"]
[Black "Schneider Attila (HUN)"]
[Result "1-0"]
[WhiteElo "2253"]
[BlackElo "2266"]

1.d4 Nf6 2.c4 e6 3.Nc3 c5 4.d5 exd5 5.cxd5 d6 6.g3 g6 7.Bg2 Bg7 8.Nf3 O-O
9.O-O a6 10.a4 Re8 11.Nd2 Nbd7 12.h3 Nh5 13.Kh2 f5 14.f4 g5 15.e4 Nxg3 16.Kxg3
gxf4+ 17.Kh2 Qg5 18.Nc4 Be5 19.Nxe5 dxe5 20.Ne2 Kh8 21.Nxf4 Rg8 22.Qc2 Qg3+
23.Kh1 Nf6 24.Ra3 Qh4 25.Ne6 Bxe6 26.dxe6 f4 27.Qxc5 Qg5 28.Qf2 Rg7 29.b4 Rag8
30.Ra2 Qh6 31.Bxf4 exf4 32.Qxf4 Qxf4 33.Rxf4 Nh5 34.Rf7 Re8 35.Bf3 Ng3+ 36.Kg2
Rg6 37.Bg4 Nxe4 38.Re2 Nc3 39.Ref2 Nd5 40.Kh2 Ne7 41.Rf8+ Rg8 42.Rxe8 Rxe8
43.Rf7 Kg8 44.Kg3 Nd5 45.Rxb7 {#r} 1-0

[Event "It (open) \"]
[Site "masterchessopen.com - Budapest (Hungary)"]
[Round "8"]
[White "Bencze Laszlo (HUN)"]
[Black "Kayar Erdem (TUR)"]
[Result "1-0"]
[WhiteElo "2297"]
[BlackElo "2238"]

1.d4 Nf6 2.Nf3 c5 3.d5 d6 4.c4 g6 5.Nc3 Bg7 6.g3 O-O 7.Bg2 e6 8.O-O exd5
9.cxd5 a6 10.a4 Re8 11.Nd2 Nbd7 12.Nc4 Nb6 13.Na3 Bd7 14.h3 Rb8 15.a5 Nc8
16.Nc4 Bb5 17.Nd2 Na7 18.Re1 Bd7 19.Nc4 Nb5 20.Bd2 Qc7 21.e4 Nh5 22.g4 Nxc3
23.bxc3 Nf6 24.Bf4 Bf8 25.e5 dxe5 26.Bxe5 Rxe5 27.Nxe5 Bb5 28.c4 Bd6 29.Nxf7
Kxf7 30.cxb5 axb5 31.Re6 Re8 32.Qe2 Qd7 33.Re1 Re7 34.Qf3 {#r} 1-0

[Event "Ch Serbia & Montenegro (team)"]
[Site "masterchessopen.com - Budva (Yugoslavia)"]
[Round "8"]
[White "Abramovic Bosko (SRB)"]
[Black "Antic Dejan (SRB)"]
[Result "0-1"]
[WhiteElo "2471"]
[BlackElo "2488"]

1.d4 Nf6 2.c4 c5 3.d5 g6 4.Nc3 d6 5.g3 Bg7 6.Bg2 O-O 7.Nf3 e6 8.O-O exd5
9.cxd5 a6 10.a4 Nbd7 11.Nd2 Re8 12.h3 Rb8 13.Nc4 Ne5 14.Na3 Nh5 15.Kh2 f5
16.f4 Nf7 17.e3 Bd7 18.Qd3 Nf6 19.Rb1 h5 20.b4 h4 21.gxh4 Ne4 22.Nxe4 fxe4
23.Qd1 Qxh4 24.bxc5 Ne5 25.Bd2 Nf3+ 26.Rxf3 exf3 27.Qxf3 Bf5 28.Rb6 dxc5
29.Nc4 Rbd8 30.Nd6 Rxd6 31.Rxd6 c4 32.Qf1 c3 33.Bc1 Bf8 34.Rb6 Bc5 35.Re6 Bxe6
36.dxe6 b6 37.Qd3 Qf6 38.Bc6 Re7 39.Qxa6 Qxe6 40.Qa8+ Kg7 41.e4 Qa2+ {#R} 0-1

[Event "It"]
[Site "masterchessopen.com - Cartak (Czech Republic)"]
[Round "2"]
[White "Jirka Jiri (CZE)"]
[Black "Simacek Pavel (CZE)"]
[Result "0-1"]
[WhiteElo "2372"]
[BlackElo "2424"]

1.d4 Nf6 2.c4 c5 3.d5 e6 4.Nc3 exd5 5.cxd5 d6 6.g3 g6 7.Bg2 Bg7 8.Nf3 O-O
9.O-O Re8 10.Nd2 a6 11.a4 Nbd7 12.h3 Rb8 13.Nc4 Ne5 14.Na3 Nh5 15.e4 Bd7 16.g4
Nf6 17.g5 Nh5 18.f4 b5 19.axb5 axb5 20.fxe5 b4 21.Nc4 bxc3 22.bxc3 Bb5 23.Nxd6
Bxf1 24.Nxe8 Bxe5 25.Qxf1 Bxc3 26.Ra3 Bd4+ 27.Be3 Bxe3+ 28.Rxe3 Qxg5 29.Rf3
Rxe8 30.Rxf7 Rxe4 31.d6 Nf4 32.Re7 Ne2+ 33.Qxe2 Rxe2 34.Rxe2 Qc1+ 35.Bf1 Qd1
36.Re6 c4 37.Re8+ Kg7 38.Re7+ Kf6 39.Rc7 Qd4+ 40.Kg2 Qe4+ 41.Kg1 Qe3+ 42.Kg2
Qg5+ 43.Kh1 Qf4 44.Bxc4 Qxd6 45.Rc8 Qd7 {#R} 0-1

[Event "Ch Argentina (juniors) (under 20) (g) (1/2 final)"]
[Site "masterchessopen.com - Ceres (Argentina)"]
[Round "1"]
[White "Romano Julieta (ARG)"]
[Black "Meza Gabriela (ARG)"]
[Result "1-0"]
[WhiteElo "1916"]
[BlackElo "2036"]

1.d4 Nf6 2.c4 c5 3.d5 e6 4.Nc3 exd5 5.cxd5 d6 6.Nf3 g6 7.g3 Bg7 8.Bg2 O-O
9.O-O a6 10.a4 Nbd7 11.Nd2 Re8 12.Nc4 Ne5 13.Qb3 Nxc4 14.Qxc4 Rb8 15.Qh4 Qc7
16.Rb1 b5 17.axb5 axb5 18.Re1 b4 19.Nd1 Ba6 20.Bg5 Nd7 21.Ne3 b3 22.Nc4 Rb4
23.Rec1 Ne5 24.Nxd6 Qxd6 25.f4 Nc4 26.f5 gxf5 27.Bf4 Qg6 28.d6 Nxd6 29.e3 Ne4
30.Bxe4 Rbxe4 31.Rxc5 Ra4 {#r} 1-0

[Event "It (open)"]
[Site "masterchessopen.com - Foxwoods (USA)"]
[Round "4"]
[White "Kurniawan Bobby (INA)"]
[Black "Getz Shelby D (USA)"]
[Result "1-0"]
[WhiteElo "2369"]
[BlackElo "2289"]

{ } 1.d4 { 1 } 1...Nf6 2.Nf3 g6 3.c4 Bg7 4.Nc3 O-O 5.g3 c5 6.d5 d6 7.Bg2 e6
8.O-O exd5 9.cxd5 Re8 10.Nd2 a6 11.a4 Nbd7 12.h3 Rb8 13.a5 { = } 13...Nh5 (
13...b5 14.axb6 Nxb6 15.Qc2 Qc7 16.e4 Nfd7 17.Nd1 c4 18.Ne3 Ne5 19.Ra3 Qc5
20.b3 c3 21.Nb1 a5 22.Nxc3 Ba6 23.b4 Qxb4 24.Na2 Qb5 25.Rd1 Rec8 26.Bf1 Qd7
27.Bxa6 Rxc2 28.Nxc2 Nbc4 { 0-1, Alterman Vladimir I 2385 - Yudasin Leonid
2605 , Haifa 1993 It } ) 14.Nc4 Ne5 { } 15.Nxe5 { N } ( 15.Nb6 f5 16.e4 c4
17.Ra4 Bd7 18.Nxd7 Qxd7 19.exf5 Rbc8 20.g4 Nd3 21.gxh5 Bxc3 22.bxc3 Nxc1
23.Qxc1 Qxa4 24.hxg6 Qd7 25.Qh6 Qg7 26.gxh7+ Qxh7 27.Qxd6 { 1-0, Farago Sandor
2252 - Cooke Eric 2223 , Budapest 2002 It (cat.2) (b) } ) 15...Bxe5 16.e4 { ?!
} ( 16.Bh6 { !? } 16...Ng7 17.Bd2 Nf5 18.e4 { } ) 16...b5 17.axb6 Rxb6 18.Kh2
Ng7 19.f4 Bd4 20.Ra4 f5 21.Rxd4 { ! } ( 21.Bf3 { ? } 21...fxe4 22.Nxe4 Bxb2
23.Bd2 { } ) 21...cxd4 22.Qxd4 fxe4 { ?! } ( 22...a5 { !? } 23.e5 Rb4 24.Qe3
Ba6 { } ) 23.Nxe4 Nf5 24.Qc3 Rf8 { ? } ( { ? } 24...Re7 25.Bd2 Rb8 26.g4 Ng7 {
} ) 25.b4 { ?! } ( 25.g4 { !? } 25...Nh4 26.b4 Nxg2 27.Kxg2 { } ) 25...Qe7 { ?
} ( 25...Ng7 { ! } 26.Bb2 Rb7 27.Ra1 Qb6 { } ) 26.Bb2 Qg7 27.Qd2 { ! } (
27.Nf6+ { ? } 27...Rxf6 28.Qxf6 Qxf6 29.Bxf6 { } ) 27...Qb7 28.Bc3 { ?! } (
28.Nf6+ { !? } 28...Rxf6 29.Bxf6 Qf7 30.Bb2 { } ) 28...h6 { ?! } ( 28...h5 {
!? } 29.g4 hxg4 30.hxg4 Qh7+ { } ) 29.g4 Ng7 30.f5 gxf5 31.Qxh6 fxe4 32.Rxf8+
Kxf8 33.Qh8+ Kf7 34.Qxg7+ Ke8 35.Qg8+ Ke7 36.Bxe4 Bd7 37.Qg5+ { } {#r} 1-0

[Event "Ch World (juniors) (under 18)"]
[Site "masterchessopen.com - Halkidiki (Greece)"]
[Round "9"]
[White "Lafuente Pablo (ARG)"]
[Black "Cornette Matthieu (FRA)"]
[Result "1-0"]
[WhiteElo "2473"]
[BlackElo "2373"]

1.d4 Nf6 2.c4 c5 3.d5 e6 4.Nc3 exd5 5.cxd5 d6 6.Nf3 g6 7.g3 Bg7 8.Bg2 O-O
9.O-O Re8 10.Nd2 Nbd7 11.a4 a6 12.a5 b5 13.axb6 Nxb6 14.Nb3 Qc7 15.Qc2 c4
16.Na5 Ng4 17.h3 Ne5 18.Be3 Bd7 19.Qd2 f5 20.Kh2 Bb5 21.Bd4 Nbd7 22.f4 Nf7
23.Bxg7 Kxg7 24.e4 Kg8 25.exf5 gxf5 26.Nc6 Nc5 27.Nd4 Nb3 28.Qd1 Nxd4 29.Qxd4
Qc5 30.Qf6 Bd7 31.Rae1 Rab8 32.Ne2 Qb4 33.h4 Qd2 34.Nd4 Rxe1 35.Rxe1 Rxb2
36.Re2 Qc3 37.Re7 {#r} 1-0

[Event "It (open) \"]
[Site "masterchessopen.com - Izmir (Turkey)"]
[Round "2"]
[White "Sivri Gorkem (TUR)"]
[Black "Shengelia Davit (AUT)"]
[Result "0-1"]
[WhiteElo "2183"]
[BlackElo "2482"]

1.d4 Nf6 2.c4 e6 3.g3 c5 4.d5 exd5 5.cxd5 d6 6.Nc3 g6 7.Bg2 Bg7 8.Nf3 O-O
9.O-O a6 10.a4 Re8 11.Nd2 Nbd7 12.Nc4 Ne5 13.Nxe5 Rxe5 14.Bf4 Re8 15.Qd2 Rb8
16.Bg5 b5 17.axb5 axb5 18.Qf4 h6 19.Bxh6 Bxh6 20.Qxh6 b4 21.Nd1 Rxe2 22.Bf3
Re8 23.Ne3 Bd7 24.Rfc1 Bb5 25.Ra7 Nd7 26.Bg4 Ne5 27.f4 Nd7 28.Be6 Qf6 29.Ng4
Qd4+ 30.Nf2 fxe6 31.Qxg6+ Qg7 32.Qh5 Re7 {#R} 0-1

[Event "It (open)"]
[Site "masterchessopen.com - Jyvaskyla (Finland)"]
[Round "2"]
[White "Lahti Jouko (FIN)"]
[Black "Kosmo Santul (FIN)"]
[Result "1-0"]
[WhiteElo "2025"]
[BlackElo "2206"]

1.d4 Nf6 2.c4 c5 3.d5 e6 4.Nc3 exd5 5.cxd5 d6 6.Nf3 g6 7.g3 Bg7 8.Bg2 O-O
9.O-O a6 10.a4 Re8 11.Nd2 Nbd7 12.Nc4 Nb6 13.Ne3 Bd7 14.Qb3 Rb8 15.Bd2 Nc8
16.Nc4 b5 17.axb5 axb5 18.Na5 b4 19.Bf4 Qc7 20.Nd1 Ra8 21.Qa2 Bb5 22.Ne3 Ra6
23.Rfc1 Ne7 24.Nec4 Bxc4 25.Qxc4 Rxa5 26.Rxa5 Qxa5 27.Bxd6 Nd7 28.b3 Bc3
29.Bh3 Nb6 30.Qe4 Nbxd5 31.Bxe7 Nxe7 32.Bd7 Qd8 33.Bxe8 Qxe8 34.Rd1 Qf8 35.Rd7
Nf5 36.g4 Nd4 37.e3 Ne6 38.Ra7 Kg7 39.Qxe6 {#r} 1-0

[Event "Spartakiada Russia (juniors)"]
[Site "masterchessopen.com - Kazan (Russia)"]
[Round "0"]
[White "Dolgova Olga (RUS)"]
[Black "Cherenkova Kristina (RUS)"]
[Result "0-1"]
[WhiteElo "2149"]
[BlackElo "2250"]

1.d4 Nf6 2.c4 g6 3.g3 Bg7 4.Bg2 c5 5.d5 d6 6.Nc3 O-O 7.Nf3 a6 8.a4 e6 9.O-O
exd5 10.cxd5 Re8 11.Nd2 Nbd7 12.Nc4 Nb6 13.Na3 Nbd7 14.Nc4 Ne5 15.Nxe5 Rxe5
16.e4 Re8 17.Re1 Rb8 18.Bf4 Ng4 19.h3 Ne5 20.Qe2 Bd7 21.a5 Qc8 22.Kh2 b5
23.axb6 Rxb6 24.Ra2 Qb7 25.Rea1 Rb8 26.Bc1 c4 27.Be3 Rb3 28.Nd1 Bb5 29.Qc2 Nd3
30.Bd2 Qa7 31.Bc3 Bxc3 32.bxc3 Qe7 33.Ra3 Nc5 34.Ne3 Qe8 35.Ng4 Qe7 36.Ne3 Re8
37.f3 Rxa3 38.Rxa3 Nd3 39.Ra1 h5 40.h4 Qa7 41.Qd2 Ne5 42.Nc2 Qb6 43.Nd4 {#R}
0-1

[Event "It (open)"]
[Site "masterchessopen.com - La Fere (France)"]
[Round "8"]
[White "Clery Nicolas (FRA)"]
[Black "Dumitrache Dragos-Nicolae (ROM)"]
[Result "0-1"]
[WhiteElo "2325"]
[BlackElo "2467"]

1.d4 Nf6 2.c4 e6 3.g3 c5 4.d5 exd5 5.cxd5 d6 6.Nc3 g6 7.Bg2 Bg7 8.Nf3 O-O
9.O-O a6 10.a4 Re8 11.Nd2 Nbd7 12.h3 Rb8 13.Nc4 Ne5 14.Na3 Nh5 15.Bd2 f5
16.Kh2 Bd7 17.f4 b5 18.fxe5 Bxe5 19.Bf4 Bxf4 20.gxf4 b4 21.Nc4 bxc3 22.bxc3
Qf6 23.Qd2 Rb3 24.Rfc1 Qh4 25.e3 g5 26.Qe1 Qxe1 27.Rxe1 gxf4 28.exf4 Rxe1
29.Rxe1 Nxf4 30.Re7 Bxa4 31.Nxd6 Rb2 32.Kg3 Ng6 33.Rb7 f4+ 34.Kh2 Re2 35.Ne4
Nh4 36.Nf6+ Kf8 37.d6 Rxg2+ 38.Kh1 Rg6 39.Rb8+ Kf7 {#R} 0-1

[Event "Ch Netherlands"]
[Site "masterchessopen.com - Leeuwarden (Netherlands)"]
[Round "3"]
[White "Delemarre Jop (NED)"]
[Black "Stellwagen Daniel (NED)"]
[Result "0-1"]
[WhiteElo "2449"]
[BlackElo "2512"]

{ Delemarre Jop (NED) +0 =0 -1 } 1.d4 { 1 } 1...Nf6 2.c4 c5 3.d5 e6 4.Nc3 exd5
5.cxd5 d6 6.Nf3 g6 7.g3 Bg7 8.Bg2 O-O 9.O-O Re8 10.Nd2 a6 11.a4 Nbd7 12.Nc4
Ne5 13.Na3 Nh5 14.h3 ( 14.Qc2 Bf5 15.Qd1 Bc8 { } ) 14...f5 { = } 15.Rb1 { N }
( 15.Kh2 Nf6 ( 15...f4 16.Bxf4 Nxf4 17.gxf4 Qh4 18.e3 g5 19.fxe5 Bxe5+ 20.f4
gxf4 21.Qf3 Rf8 22.e4 h5 23.Nc4 Bd4 24.Ne2 Bg4 25.Qd3 f3 26.Nxd4 cxd4 27.Rg1
f2 28.Qg3 Qxg3+ 29.Kxg3 fxg1=Q 30.Rxg1 Be2 31.Nxd6 d3 32.Nf5 d2 33.Bf3 d1=Q
34.Rxd1 Bxd1 { ...1-0, Derieux Christian 2155 - Pieri Filippo 2195 , Paris
1993 It (open) (b) } ) 16.f4 Nf7 17.Nc4 b6 18.Qb3 Rb8 19.Na5 Qc7 20.Nc6 Ra8
21.Bd2 Nd8 22.Ne5 Rb8 23.Nc4 Bd7 24.e4 fxe4 25.Ne3 Nf7 26.g4 b5 27.axb5 Bxb5
28.Nxb5 Rxb5 29.Qa4 Rxb2 30.Bc3 Rb5 31.Qc4 Qb7 32.Ra3 Bh8 33.Rfa1 Ra8 34.Bf1
Rb6 { ...1/2-1/2, Lein Anatoly 2510 - Vasiukov Evgeni 2570 , Alma-Ata 1968 Ch
URS } ) ( 15.e4 Rf8 ( 15...b6 16.Re1 Rf8 17.f4 Nxg3 18.fxe5 Bxe5 19.Nc4 Bd4+
20.Be3 f4 21.Bxd4 cxd4 22.Ne2 Qh4 23.Nd2 Bxh3 24.Nf3 Qg4 25.Nxg3 Bxg2 26.Kxg2
Qxg3+ 27.Kh1 Qh3+ 28.Kg1 Rac8 29.Rf1 g5 30.Rf2 Rc7 31.Rh2 Qc8 32.Nxg5 Rg7
33.Qh5 Qd8 34.Rg2 Qf6 { ...1-0, Sidorychev Nikolai 2136 - Jarkow W W 2155 ,
Dubna 2001 Ch Moscow Region } ) 16.exf5 Bxf5 17.Be3 Rb8 18.g4 Bxg4 19.hxg4 Qh4
20.f3 Nxg4 21.fxg4 Be5 22.Rf3 Qh2+ 23.Kf1 Ng3+ 24.Kf2 Bxc3 25.bxc3 Ne4+ 26.Kf1
Ng3+ 27.Kf2 Ne4+ 28.Kf1 Ng3+ 29.Kf2 { 1/2-1/2, Spangenberg Hugo 2490 - Fucek
Claudio 2240 , Villa Martelli 1995 It (open) } ) 15...Bd7 16.Bd2 g5 17.e4 g4
18.Nc2 { ?! } ( 18.hxg4 { !? } 18...fxg4 19.Qe2 Rb8 20.Kh2 { } ) 18...fxe4
19.Bxe4 Rf8 20.Kh1 Qe8 21.Ne3 Nf6 22.Bc2 Nf3 23.h4 Qe5 24.Ng2 Nh5 25.Ne4 Qxd5
{ ?! } ( 25...Bxa4 { !? } 26.Bc3 Qxe4 27.Bxe4 Bxd1 { } ) 26.Bc3 Qxd1 27.Rfxd1
{ ?! } ( 27.Rbxd1 { !? } 27...Nd4 28.Bxd4 Bxd4 29.Ne3 { } ) 27...Bd4 { ?! } (
27...Nd4 { !? } 28.Bd3 Bxa4 29.Rd2 Bb3 { } ) 28.Nxd6 Bc6 { ! } ( 28...Be6 { ?
} 29.Bxd4 Nxd4 30.Rd2 Nxc2 { } ) 29.Nf5 { ? } ( { ? } 29.Rbc1 Rf6 30.Ne4 Bxe4
31.Bxe4 { } ) 29...Rxf5 30.Bxf5 { ?! } ( 30.Bxd4 { !? } 30...Nxd4 31.Bxf5 Nxf5
32.Rbc1 { } ) 30...Bxf2 31.Be6+ Kf8 32.Nf4 Nxf4 33.gxf4 Nd4+ 34.Kh2 g3+ 35.Kh3
Nxe6 36.Rd6 Ke7 37.Rxc6 bxc6 38.Be5 Rf8 39.Rd1 Nxf4+ 40.Kg4 Nd5 { } {#R} 0-1